Dzielnice Warszawy według informacji - Statystyki

Ogólne statystyki
  • Ten quiz został rozwiązany 73 razy
  • Średni wynik to 9 z 18
Statystyki odpowiedzi
Hint Odpowiedź % Poprawnych
Znajduje się tam Muzeum Pałacu Króla Jana III Sobieskiego. Wilanów
78%
Dzielnica najbardziej wysunięta na północ. Białołęka
73%
Znajduje się tam Stadion Narodowy. Praga-Południe
69%
Posiada osiedle "Bródno". Targówek
67%
Jest tam stacja metra "Kabaty". Ursynów
65%
Jest tam Park Szczęśliwicki. Ochota
61%
Ma na swoim terenie Lotnisko Chopina. Włochy
59%
Jest tam Ogród Saski. Śródmieście
55%
Składa się z trzech różnych liter. Ursus
53%
Dzieli się m. in. na osiedla: Groszówka, Plac Wojska Polskiego, Stara Miłosna. Wesoła
49%
Ma najwięcej mieszkańców. Mokotów
47%
Jest tam Muzeum Powstania Warszawskiego. Wola
47%
W całości znajduje się tam ulica Powstańców Śląskich. Bemowo
39%
Ma najmniejszą populację. Rembertów
35%
Ma taką samą nazwę, jak konspiracyjna organizacja Warszawska z lat 1940-1944. Wawer
24%
Ma tablice rejestracyjne "WH". Praga-Północ
22%
Mieszkał tam Alek, bohater "Kamieni na szaniec". Żoliborz
20%
Biegnie przez tą dzielnicę droga wojewódzka nr 898. Bielany
14%
Nie znaleziono quizów pasujących do podanych kryteriów
Rozkład punktacji
Procent ludzi z każdym wynikiem
Percentyl według liczby udzielonych odpowiedzi
Twoja historia wyników
Nie rozwiązałeś tego quizu